| 000 | 01243nam a22003377a 4500 | ||
|---|---|---|---|
| 003 | CHAP | ||
| 005 | 20220817041806.0 | ||
| 008 | 971013s1967 r 00010 d | ||
| 010 | _a24607 | ||
| 011 | _a25579 | ||
| 035 | _a29679 | ||
| 040 | _cCHAP | ||
| 090 | _aFolleto 7 (1965) | ||
| 110 |
_aComité Mixto FAO/OMS de Expertos en Aditivos Alimentarios _925891 |
||
| 245 |
_aNormas de identidad y de pureza para los aditivos alimentarios y evaluación de su toxicidad _b: diversas substancias antimicrobianas, antioxidantes, emulsificantes...; noveno informe |
||
| 260 |
_aRoma : _bFAO, _c1967 |
||
| 300 | _a26 p. | ||
| 490 |
_aFAO. Reuniones sobre nutrición _v; 40 |
||
| 590 |
_aBATCH-UPD _b10 _c20130110 _lUCH01 _h1447 |
||
| 590 |
_aBATCH-UPD _b10 _c20130410 _lUCH01 _h0916 |
||
| 590 |
_aBATCH-UPD _b10 _c20130913 _lUCH01 _h2010 |
||
| 590 |
_aCONVERSION _b10 _c20130109 _lUCH01 _h1314 |
||
| 650 | 1 | 4 |
_aAditivos alimenticios. _9907 |
| 710 | 0 | _aFAO. | |
| 710 | 0 |
_aOrganización Mundial de la Salud. _983555 |
|
| 830 | 0 |
_aFAO. Reuniones sobre nutrición _v; 40 _939679 |
|
| 901 | _aBK | ||
| 942 | _cFOLL | ||
| 949 |
_aFolleto 7 (1965) _bBC _cFAO _d-68649 _eFAO1 _i29679 _mD _si |
||
| 949 |
_aFolleto 7 (1965) _bBC _cFAO _d-68650 _eFAO2 _fc.2 _i29679 _si |
||
| 999 |
_c24607 _d24607 |
||